000
00276nam a22001337a 4500
020
_a
082
_a
891.4392
100
_a
Naseem Hajazi
245
_a
Gumshudha Qaaflay
260
_a
Lahore
_b
Jahangir
_c
2011.
300
_a
641p. ;
_b
22cm
500
_a
Hardcover
942
_c
BK
999
_c
33081
_d
33081